| 000 | 00901nam a2200265 a 4500 | ||
|---|---|---|---|
| 001 | 54289 | ||
| 003 | BD-RjUL | ||
| 005 | 20211209080111.0 | ||
| 008 | 161105s1978 nyu b 001 0 eng | ||
| 020 | _a0470263423 (Halsted) : | ||
| 020 | _a0853121222 | ||
| 035 | _a(BD-RjUL)54411 | ||
| 040 |
_aDLC _cDLC _dDLC _beng |
||
| 041 | _aeng | ||
| 082 | 0 | 0 |
_a515.55 _223 _bEXH 1978 |
| 100 | 1 |
_aExton, Harold. _9162035 |
|
| 245 | 1 | 0 |
_aHandbook of hypergeometric integrals : _btheory, applications, tables, computer programs / _cHarold Exton. |
| 260 |
_aNew York : _bHalsted Press, a division of J. Wiley, _c1978. |
||
| 300 |
_a316 p. ; _c24 cm. |
||
| 504 | _aIncludes Bibliographical References and Index | ||
| 650 | 0 |
_aHypergeometric functions. _9151975 |
|
| 830 |
_aseries in mathematics and its applications _9159308 |
||
| 942 |
_2ddc _cBK |
||
| 999 |
_c54289 _d54289 |
||